A experimentar electricidad : (Registro nro. 11824)
[ vista simple ]
| 000 -CABECERA | |
|---|---|
| Longitud fija campo de control | 01295cam a2200325 a 4500 |
| 003 - • IDENTIFICADOR DELl NÚMERO DE CONTROL | |
| Identificador del número de control | CO-ViMGA |
| 005 - • FECHA Y HORA DE LA ÚLTIMA TRANSACCIÓN | |
| Fecha y hora de la última transacción | 20230915224414.0 |
| 008 - • CÓDIGOS DE INFORMACIÓN DE LONGITUD FIJA | |
| Códigos de información de longitud fija | 030708r20042000ck a jr 00110 spa d |
| 020 ## - • NÚMERO INTERNACIONAL NORMALIZADO PARA LIBROS | |
| Número Internacional Normalizado para Libros (ISBN) | 9586155064 |
| 040 ## - FUENTE DE LA CATALOGACIÓN | |
| Centro catalogador de origen | CO-ViMGA |
| Lengua de catalogación | spa |
| Centro transcriptor | CO-ViMGA |
| 041 1# - • CÓDIGO DE LENGUA | |
| Código de lengua original | eng |
| 082 04 - • NÚMERO DE LA CLASIFICACIÓN DECIMAL DEWEY | |
| Número de clasificación (R) | I537 |
| Número del ítem | P17a |
| Número de edición | 19 ed. |
| 100 1# - • PUNTO DE ACCESO PRINCIPAL-NOMBRE DE PERSONA | |
| Nombre de persona | Parsons, Alexandra. |
| 245 10 - • TITULO PROPIAMENTE DICHO | |
| Título | A experimentar electricidad : |
| Resto del título | de 7 años en adelante / |
| Mención de responsabilidad, etc. | Alexandra Parson ; fotografía Jon Barnes ; consultor científico Graham Peacock ; traducción Francisco Ruíz. |
| 250 ## - • MENCIÓN DE EDICIÓN | |
| Mención de edición | 2a. ed. / editor Lina María Manrique. |
| 300 ## - • DESCRIPCIÓN FÍSICA | |
| Extensión | 48 p. : |
| Otras características físicas | il. , ; |
| Dimensiones | 27 cm. |
| 500 ## - • NOTA GENERAL | |
| Nota general | Glosario : p. 46-47. |
| 500 ## - • NOTA GENERAL | |
| Nota general | Incluye índice. |
| 500 ## - • NOTA GENERAL | |
| Nota general | Premio Instituto Americano de Física mejor obra de ciencias para niños. |
| 500 ## - • NOTA GENERAL | |
| Nota general | Subtítulo tomado de la carátula. |
| 534 ## - • Nota De Versión Original | |
| -- | Título original. |
| Título | Make it work electricity. |
| 650 #6 - • PUNTO DE ACCESO ADICIONAL DE MATERIA - TÉRMINO DE MATERIA | |
| Término de materia o nombre geográfico como elemento inicial | Electricidad |
| Subdivisión de materia general | Experimentos. |
| 650 #6 - • PUNTO DE ACCESO ADICIONAL DE MATERIA - TÉRMINO DE MATERIA | |
| Término de materia o nombre geográfico como elemento inicial | Generación de energía eléctrica |
| Subdivisión de materia general | Enseñanza primaria. |
| 700 1# - • PUNTO DE ACCESO ADICIONAL - NOMBRE DE PERSONA | |
| Nombre de persona | Barnes, Jon. |
| 700 1# - • PUNTO DE ACCESO ADICIONAL - NOMBRE DE PERSONA | |
| Nombre de persona | Manrique, Lina María, |
| Término indicativo de función | ed. |
| 700 1# - • PUNTO DE ACCESO ADICIONAL - NOMBRE DE PERSONA | |
| Nombre de persona | Peacock, Graham. |
| 700 1# - • PUNTO DE ACCESO ADICIONAL - NOMBRE DE PERSONA | |
| Nombre de persona | Ruíz, Francisco, |
| Término indicativo de función | tr. |
| 942 ## - ENTRADA DE ELEMENTOS AGREGADOS (KOHA) | |
| Fuente de clasificaión o esquema | Dewey Decimal Classification |
| Perdido | Fuente de clasificación o esquema | Estado Físico | No para préstamo | Forma de adquisición | Localización permanente | Localización actual | Fecha adquisición | Préstamos totales | Signatura completa | Código de barras | Fecha última consulta | Fecha del precio de reemplazo | Tipo de item de Koha |
|---|---|---|---|---|---|---|---|---|---|---|---|---|---|
| Dewey Decimal Classification | Damaged | Sala General | Biblioteca Comunitaria - Villavicencio | Biblioteca Comunitaria - Villavicencio | 07/31/2017 | I 537 P17a | 5148 | 07/31/2017 | 07/31/2017 | LIbro | |||
| Dewey Decimal Classification | Damaged | Sala General | Biblioteca Comunitaria - Villavicencio | Biblioteca Comunitaria - Villavicencio | 07/31/2017 | I 537 P17a | 5149 | 07/31/2017 | 07/31/2017 | LIbro | |||
| Dewey Decimal Classification | Damaged | Sala General | Biblioteca Comunitaria - Villavicencio | Biblioteca Comunitaria - Villavicencio | 07/31/2017 | I 537 P17a | 5150 | 07/31/2017 | 07/31/2017 | LIbro | |||
| Dewey Decimal Classification | Damaged | Sala General | Biblioteca Comunitaria - Villavicencio | Biblioteca Comunitaria - Villavicencio | 07/31/2017 | I 537 P17a | 5142 | 07/31/2017 | 07/31/2017 | LIbro | |||
| Dewey Decimal Classification | Damaged | Sala General | Biblioteca Comunitaria - Villavicencio | Biblioteca Comunitaria - Villavicencio | 07/31/2017 | I 537 P17a | 5146 | 07/31/2017 | 07/31/2017 | LIbro | |||
| Dewey Decimal Classification | Damaged | Sala General | Biblioteca Comunitaria - Villavicencio | Biblioteca Comunitaria - Villavicencio | 07/31/2017 | I 537 P17a | 5147 | 07/31/2017 | 07/31/2017 | LIbro | |||
| Dewey Decimal Classification | Damaged | Sala General | Biblioteca Comunitaria - Villavicencio | Biblioteca Comunitaria - Villavicencio | 07/31/2017 | I 537 P17a | 5152 | 07/31/2017 | 07/31/2017 | LIbro |